แสดงรายละเอียดบรรณานุกรม
  กลับหน้าหลัก

Brief Record : Get Marc (ISO 2709) : E-mail record : QR code ปิดหน้าต่าง
E-books : เกี่ยวกับ Collections
LEADER 00000nam 2200000uu 4500
001    212237
003     ULIBM
008    020711s2005 th a 000 0 eng d
020    0071416544
041    ^aeng
060  4 WO18.2 T353s 2005
100    Tevar, Amit D.
245    Surgery review illustrated/^cAmit D. Tevar, Rafael E. Azuaje, Larry T. Micon
260    New York :^bMcGraw-Hill,Medical Publishing Division,^c2005
300    xvii,1128 p.^bill
650  4 Surgery^xExaminations, questions
650  4 ^aSurgical procedures, operative^xExaminations, questions
700 0  ^aAzuaje, Rafael E.
700 0  ^aMicon, Larry T.
999    ^aใช้งานได้ทุกระบบ
รายการนี้ยังไม่มีแท็ก
คุณยังไม่ได้ล็อกอิน คุณสามารถมีกิจกรรมร่วมกับเว็บไซต์ได้ แต่ต้องล็อกอินก่อน ::
  ล็อกอิน
ลำดับที่ ประเภท เลขเรียก สถานที่ สถานะ
1. หนังสือทั่วไป
หนังสือทั่วไป
WO18.2 T353s 2005 c.1 
  
การพยาบาลผู้ใหญ่ On Shelf
  ขอยืม
2. หนังสือทั่วไป
หนังสือทั่วไป
WO18.2 T353s 2005 c.2 
  
การพยาบาลผู้ใหญ่ On Shelf
  ขอยืม
   [แสดง 2/2 รายการ]

BibComment


ยังไม่เคยถูกคอมเมนท์

คอมเมนท์ทรัพยากรรายการนี้
  คอมเมนท์: Surgery review il..
Bib 212237

 
 
 

 Union Library Management : ULibM
Copyright 2026. All Rights Reserved.
скачать бесплатно без регистрации порно красивый секс HD Sex Hindi sex

xxx gou

xxxx

bfxxx

xxxwww

Секса Видео

xxxx

Секса Видео

detube

geilexxx

C99 Shell

worms shell

blod xxx video
Ebony Coed Rihanna Rimes Takes A Dick In Her Young Twat priyaa indian fuck anal and pusssy hardcore indian women xxx desi hardcore fucking part 1 bengalixxxcouple